| 000 | 00777nam a2200229 i 4500 | ||
|---|---|---|---|
| 003 | DO-SdBNP | ||
| 005 | 20230911103858.0 | ||
| 006 | a||||gr|||| 00| 0 | ||
| 007 | ta | ||
| 008 | 230807e201? |||adbc| |||| 00| 0 eng d | ||
| 040 |
_aDO-SdBNP _bspa _cBNPHU _erda |
||
| 082 | 4 |
_222 _bC417 |
|
| 245 | 0 | 0 | _aCerrando brechas de equidad para avanzar hacia el acceso universal a la salud reproductiva en13 países de América Latina y el Caribe / |
| 264 |
_aNaciones Unidas : _bUNFPA, _c[2010] |
||
| 300 |
_a7 hojas, pliegue : _bIlustraciones, gráficas, mapas, retratos ; _c24 cm. |
||
| 336 |
_2rdacontent _atexto _btxt |
||
| 337 |
_2rdamedia _asin mediación _bnc |
||
| 338 |
_2rdacarrier _avolumen _bn |
||
| 590 | _aInventariado 2023 / MF | ||
| 910 | _aBtavárez | ||
| 942 |
_2ddc _cLF2 |
||
| 999 |
_c54333 _d54333 |
||